Carles Riba, doble traductor de la "Odisea" : (Record no. 190043)

MARC details
000 -LEADER
campo de control de longitud fija 01224nam a2200253 i 4500
001 - NÚMERO DE CONTROL
campo de control 190043
003 - IDENTIFICADOR DE NÚMERO DE CONTROL
campo de control ES-MaACL
005 - FECHA Y HORA DE LA ÚLTIMA TRANSACCIÓN
campo de control 20260216063026.0
007 - CAMPO FIJO DE DESCRIPCIÓN FÍSICA--INFORMACIÓN GENERAL
campo de control de longitud fija t|
008 - DATOS DE LONGITUD FIJA--INFORMACIÓN GENERAL
campo de control de longitud fija 200310s1973 sp |||| | spa d
100 1# - ENTRADA PRINCIPAL--NOMBRE DE PERSONA
Nombre de persona Lorda Alaiz, F. M.,
Fechas asociadas al nombre 1918-1992
9 (RLIN) 74084
245 11 - MENCIÓN DEL TÍTULO
Título Carles Riba, doble traductor de la "Odisea" :
Resto del título análisis y motivaciones : estudio comparativo, en confrontación con el original, de las dos traducciones (1919 y 1948) de la "Odisea", por el poesta catalán Carles Riba /
Mención de responsabilidad, etc. por Felipe Mª Lorda Alaiz.
260 ## - PUBLICACIÓN, DISTRIBUCIÓN, ETC.
Lugar de publicación, distribución, etc. Barcelona :
Nombre del editor, distribuidor, etc. [Universidad, Facultad de Filosofía y Letras],
Fecha de publicación, distribución, etc. 1973 (
Fabricante Vernet.)
300 ## - DESCRIPCIÓN FÍSICA
Extensión 10 p. ;
Dimensiones 24 cm.
502 ## - NOTA DE TESIS
Nota de tesis Tesis-Univ. Barcelona (Extracto)
594 ## - Nota al título y mención de responsabilidad
Nota al título y mención de responsabilidad Precede al tít.: Universidad de Barcelona. Secretariado de Publicaciones, Intercambio Científico y Extensión Universitaria.
600 17 - PUNTO DE ACCESO ADICIONAL DE MATERIA--NOMBRE DE PERSONA
Nombre de persona Riba, Carles,
Fechas asociadas al nombre 1893-1959-
Subdivisión general Crítica e interpretación
Fuente del encabezamiento o término
9 (RLIN) 170658
600 04 - PUNTO DE ACCESO ADICIONAL DE MATERIA--NOMBRE DE PERSONA
Nombre de persona Homero.
Título de la obra La Odisea.
9 (RLIN) 64114
655 ## - TERMINO DE INDIZACIÓN--GENERO/FORMA
Datos o término principal de género/forma Tesis y escritos académicos
9 (RLIN) 226867
710 2# - ENTRADA AGREGADA--NOMBRE DE ENTIDAD CORPORATIVA
Nombre de entidad corporativa o nombre de jurisdicción como elemento de entrada Universidad de Barcelona.
Unidad subordinada Facultad de Filosofía y Letras.
9 (RLIN) 7149
852 4# - LOCALIZACIÓN
Ubicación ES-MaACL
Número de control de estantería P-1415 (38)
itemnumber 197194
Sublocalización o colección R-68610
Ubicación en estantería Depósito 2
942 ## - ELEMENTOS DE ENTRADA SECUNDARIOS (KOHA)
Fuente del sistema de clasificación o colocación Clasificación decimal universal
Holdings
Estatus retirado Estado de pérdida Fuente del sistema de clasificación o colocación Estado de daño No para préstamo Biblioteca de origen Biblioteca actual Ubicación en estantería Fecha de adquisición Fuente de adquisición Total de préstamos Signatura topográfica completa Código de barras Visto por última vez Precio de reemplazo Tipo de ítem Koha
    Clasificación decimal universal     Biblioteca del Ateneo de Madrid Biblioteca del Ateneo de Madrid Depósito 2 29/05/2005 Donación   P-1415 (38) 1201701 23/02/2023 23/02/2023 Libro impreso